000 00882nam a22002417a 4500
999 _c6893
_d6893
003 AR-CdUCM
008 190319b ||||| |||| 00| 0 spa d
040 _aMUNICIPALIDAD PROVINCIAL DEL CUSCO
_cBIBLIOTECA MUNICIPAL DEL CUSCO
041 _heng
082 _a631 /
_bP28
100 _aPatterson, J. B. G. y otros
_919424
245 _aFertilizantes agrícolas /
260 _aZaragoza :
_bAcribia,
_c1967.
300 _a206 páginas ;
_btablas,
_c19 cm.
440 _aManuales de técnica agropecuaria.
_919425
505 _aContenido: Nutrientes de las plantas y materiales para fertilizantes -- Empleo de los fertilizantes -- Recomendaciones acerca del uso de los fertilizantes.
650 _aFertilizantes
_919426
650 _aAgricultura
_9320
650 _aMinerales
_919427
700 _aMoll, Horacio Marco (traducción)
_919428
942 _2ddc
_cLIBROS
945 _aachl